000 00640nam a2200241Ia 4500
003 OSt
005 20221007100931.0
006 a|||||r|||| 00| 0
007 ta
008 221006b |||||||| |||| 00| 0 eng d
024 _a5,482
037 _cTextual
040 _aLCO
_cLCO
_beng
041 _2eng
_aeng
082 _aV2:2'N65-N50, K7
100 _aSETALYAD M C
_9702322
245 0 _aIndian Constitution 1950-65
260 _aBombay
_bUniversity of Bombay
_c1967
300 _a239
650 _aCONSTITUTION LAW
_9695857
942 _hV2:2'N65-N50, K7
_cTEXL
999 _c1175045
_d1175045